Bethesda Games - Sudden Death - Statistics

General Stats
  • This quiz has been taken 39 times
    33 since last reset
  • The average score is 4 of 10
Answers on the Grid
Answers color-coded by a green-red scale on the quiz's grid according to % correct below.
The Elder Scrolls 5: Skyrim
Fallout 4
Fallout New Vegas
Wolfenstein 3D
Grand Theft Auto 5
Fallout 2
Dark Souls 2
Wolfenstein: The New Order
Diablo 4
Dishonered
Baulders Gate 3
Starfield
Fallout 76
Doom: Eternal
Fallout Shelter
Outer Worlds 2
Stellaris
Fallout 3
Diablo II
For honor
 
Answer Stats
Answer % Correct
The Elder Scrolls 5: Skyrim
94%
Fallout 4
82%
Fallout New Vegas
53%
Fallout 3
35%
Fallout 76
35%
Fallout Shelter
29%
Doom: Eternal
24%
Starfield
24%
Dishonered
18%
Wolfenstein: The New Order
18%
No matching quizzes found
Score Distribution
Percent of People with Each Score
Percentile by Number Answered
Your Score History
You have not taken this quiz since the last reset